000 01532nam a22003015a 4500
003 EG-ScBUE
005 20211202092907.0
008 190307s2017 ua f 000 p ara d
017 _a2004 / 20210
020 _a9789770911556
040 _aEG-ScBUE
_bara
_erda
_cEG-ScBUE
_dEG-ScBUE
082 0 4 _a892.716
_bج و ي
_222
100 1 _aجويدة، فاروق،
_eمؤلف.
245 1 2 _aالأعمال الشعرية /
_cفاروق جويدة.
250 _aالطبعة الرابعة.
264 1 _aالقاهرة :
_bدار الشروق،
_c2017.
300 _a1 مجلد ؛
_c20 سم
336 _2rdacontent
_aنص
_btxt
337 _2rdamedia
_aبدون وسيط
_bn
338 _2rdacarrier
_aمجلد
_bnc
505 0 _aالمجلد الأول.
520 _aفاروق جويدة واحد من أبرز الشعراء فى مسيرة الشعر العربى المعاصر..وصاحب تجربة شعرية ثرية لها خصوصيتها وتميزها ومجموعة الاعمال الشعرية هى احدى مؤلفاته وتشتمل على 3 مجلدات المجلد الثاني يحتوي على الدووايين التالية: لأني أحبك شيء سيبقى بيننا طاوعني قلبي في النسيان لن أبيع العمر زمان القهر علمني دماء على ستار الكعبة.
650 7 _aالشعر العربي
_xدواوين وقصائد.
_2BUEsh
_934630
651 _2BUEsh
653 _bARALIT
_cMarch2019
655 _vReading book
_934232
942 _2ddc
999 _c27222
_d27193